Filipino sa iba't ibang disiplina / (Record no. 98766)

MARC details
000 -LEADER
fixed length control field 00741nam a22002297a 4500
003 - CONTROL NUMBER IDENTIFIER
control field URS
005 - DATE AND TIME OF LATEST TRANSACTION
control field 20260223164112.0
008 - FIXED-LENGTH DATA ELEMENTS--GENERAL INFORMATION
fixed length control field 260216t2024 ph ||||| |||| 001 0 eng d
020 ## - INTERNATIONAL STANDARD BOOK NUMBER
International Standard Book Number 9786214063772
040 ## - CATALOGING SOURCE
Original cataloging agency DLC
Language of cataloging eng
Transcribing agency DLC
Modifying agency DLC
-- URS
Description conventions rda
082 ## - DEWEY DECIMAL CLASSIFICATION NUMBER
Classification number 499.211
Item number B497 2024
100 ## - MAIN ENTRY--PERSONAL NAME
Personal name Billy, Maryse Bianca M.,
Relator term author.
245 ## - TITLE STATEMENT
Title Filipino sa iba't ibang disiplina /
Statement of responsibility, etc. Maryse Bianca M. Billy.
264 ## - PRODUCTION, PUBLICATION, DISTRIBUTION, MANUFACTURE, AND COPYRIGHT NOTICE
Place of production, publication, distribution, manufacture Intramuros, Manila:
Name of producer, publisher, distributor, manufacturer Mindshapers Co., Inc.,
Date of production, publication, distribution, manufacture, or copyright notice [2024]
300 ## - PHYSICAL DESCRIPTION
Extent viii, 192 pages;
Dimensions 25 cm.
336 ## - CONTENT TYPE
Source rdacontent
Content type term txt
Content type code txt
337 ## - MEDIA TYPE
Source rdamedia
Media type term unmediated
Media type code n
338 ## - CARRIER TYPE
Source rdacarrier
Carrier type term volume
Carrier type code nc
504 ## - BIBLIOGRAPHY, ETC. NOTE
Bibliography, etc. note Includes bibliographical references, and indexes.
650 ## - SUBJECT ADDED ENTRY--TOPICAL TERM
Topical term or geographic name entry element Filipino language.
942 ## - ADDED ENTRY ELEMENTS (KOHA)
Source of classification or shelving scheme Dewey Decimal Classification
Koha item type Filipiniana
Holdings
Withdrawn status Source of classification or shelving scheme Damaged status Not for loan Home library Current library Shelving location Date acquired Total Checkouts Full call number Barcode Date last seen Price effective from Koha item type
  Dewey Decimal Classification     Pililla College Library Pililla College Library Filipiniana Section 02/16/2026   499.211 B497 2024 URSPIL-7336 02/16/2026 02/16/2026 Filipiniana

University of Rizal System
Email us at univlibservices@urs.edu.ph

Visit our Website www.urs.edu.ph/library